| 000 | 01537cam a2200361 a 4500 | ||
|---|---|---|---|
| 999 |
_c128162 _d128162 |
||
| 001 | 16670079 | ||
| 003 | ARRUPE | ||
| 005 | 20180914111726.0 | ||
| 008 | 110228s2011 enkab b 001 0 eng | ||
| 010 | _a 2011007459 | ||
| 020 | _a9781408230954 (pbk. : alk. paper) | ||
| 020 | _a140823095X (pbk. : alk. paper) | ||
| 035 | _a(OCoLC)ocn704384923 | ||
| 040 |
_aDLC _cDLC _dYDX _dBTCTA _dYDXCP _dCDX _dBWX _dUKMGB _dCOO _dDLC |
||
| 042 | _apcc | ||
| 043 | _ae-uk--- | ||
| 050 | 0 | 0 |
_aHC254.5 _b.M635 2011 |
| 082 | 0 | 0 |
_a330.941/07 _222 |
| 100 | 1 |
_aMorgan, Kenneth, _d1953- _942181 |
|
| 245 | 1 | 4 |
_aThe birth of industrial Britain : _bsocial change, 1750-1850 / _cKenneth Morgan. |
| 250 | _a2nd ed. | ||
| 260 |
_aHarlow, England ; _aNew York : _bLongman, _c2011. |
||
| 300 |
_axxxv, 167 p. : _bill. (some col.), maps ; _c24 cm. |
||
| 490 | 1 | _aSeminar studies in history | |
| 504 | _aIncludes bibliographical references (p. [160]-162) and index. | ||
| 650 | 0 |
_aIndustrialization _zGreat Britain _xHistory. _942182 |
|
| 650 | 0 |
_aIndustrial revolution _zGreat Britain _xHistory. _942183 |
|
| 650 | 0 |
_aIndustries _zGreat Britain _xHistory _y18th century. _942184 |
|
| 650 | 0 |
_aIndustries _zGreat Britain _xHistory _y19th century. _942185 |
|
| 651 | 0 |
_aGreat Britain _xEconomic conditions _y1760-1860. _942186 |
|
| 830 | 0 |
_aSeminar studies in history. _919165 |
|
| 906 |
_a7 _bcbc _corignew _d1 _eecip _f20 _gy-gencatlg |
||
| 942 |
_2lcc _cMONOGRAPH |
||